000 02030nam a2200445 i 4500
001 195726
003 SpMaBN
005 20250823095923.0
008 241214s2016 sp a o000 0 spa
017 _aTF 1-2016
_bOficina Depósito Legal Tenerife
020 _a9788416458356
_qv. 1
020 _a9788416458363
_qv. 2
035 _a(OCoLC)962135489
035 _aa5862275
040 _aSpMaBN
_bspa
_cSpMaBN
_erdc
_dES-MaACL
080 _a78.035/.036(460.253 Don Benito)
080 _a78:37(460.253 Don Benito)
100 _aColomo, Carmen
_0XX992698
_9237396
_eaut
245 1 0 _aDon Benito como paradigma de la vida musical en Extremadura /
_cCarmen Colomo Amador ; prólogo de Francisco Manuel Parejo Moruno y Miguel del Barco Gallego.
260 _aLa Laguna, Tenerife :
_bSociedad Latina de Comunicación Social,
_c2016.
300 _a2 v. (295 p, 139 p.) :
_bil., mús. ;
_c21 cm.
336 _aTexto (visual)
_2isbdcontent
337 _asin mediación
_2isbdmedia
338 _2rdacarrier
_avolumen
490 1 _aCuadernos de Bellas Artes ;
_v53
_aColección Música
504 _aIncluye referencias bibliográficas.
650 0 _aMúsica-
_zDon Benito
_9237397
650 0 _aMúsica-
_xEstudio y enseñanza-
_zDon Benito
_9237398
700 _aParejo Moruno, Francisco Manuel
_eaui
_9239372
700 _aBarco Gallego, Miguel del
_eaui
_9239374
830 0 _aCuadernos de bellas artes
_9239378
852 _aES-MaACL
_bR.152518
_cDEPOJ
_jN-8732
_hDonación: Ayuntamiento de Don Benito
_xEncuadernación rústica con solapas
_9204485
_pV.I
852 _aES-MaACL
_bR.152518
_cDEPOJ
_jN-9078
_hDonación: Ayuntamiento de Don Benito
_xEncuadernación rústica con solapas
_9204486
_pV.II
914 _9172938
_aDon Benito.
_ednr
942 _cMONOGRAFIA
_n0
954 _iTatiana Alejandra de Castro Pérez
999 _c195726
_d195726